000
00333pam a2200157a 44500
008
230515b2009 xxu||||| |||| 00| 0 eng d
020
_a
NULL
041
_a
ENGLISH
082
_a
611.2
100
_a
B D CHAURASIA
245
_a
HAND BOOK OF ANATOMY
250
_a
0
260
_a
_b
C B S
_c
2009
300
_a
262
650
_a
NULL
999
_c
526216
_d
526216